000 00795nam a2200241Ia 4500
003 GCL
008 140319s9999 xx 000 0 ara d
040 _aGCL /
_cGCL
082 0 4 _aط
_b031
_bس د
100 1 _aسهير القلماوى
245 1 0 _aدائرة المعارف المصورة للاطفال /
_cسهير القلماوى
250 _aالثانية
260 _aالقاهرة :
_bالهيئة المصرية العامة للكتاب ،
_c1994
300 _a132 ص ؛
_c30 سم
490 _a
650 0 4 _aالموسيقى
650 0 4 _aالفنون التشكيلية
650 0 4 _aالهوايات
650 0 4 _aالمعارف العامة
650 0 4 _aمسرح العرائس
650 0 4 _aالاطفال - الحياة الثقافية
942 _2ddc
_cBK
999 _c37005
_d37005